000 01194nam a2200277 i 4500
003 DO-SdBNP
005 20250820142334.0
007 ta
008 240827b2006 dr ||||| |||| 00| 0 spa d
040 _aDO-SdBNP
_bspa
_cBNPHU
_erda
041 _aspa
082 4 _a342.729302
_bR426co, 2006
_222
110 1 _aRepública Dominicana
_bSenado de la República Dominicana
_914547
245 1 0 _aConstitución política de la República Dominicana de 2002 :
_bvotada y proclamada por la Asamblea Nacional el 25 de julio de 2002
264 1 _aSanto Domingo :
_bSenado de la República,
_c2006.
300 _a69 páginas ;
_c18 cm.
336 _atexto
_btxt
_2rdacontent
337 _asin mediación
_bn
_2rdamedia
338 _avolumen
_bnc
_2rdacarrier
500 _aLa Asamblea Nacional en nombre de la República constituida en asamblea revisora de la constitución, declara en vigor el siguiente texto de la Constitución de la República Dominicana
590 _aInventariado, 2024/BT
651 4 _aRepública Dominicana
_xConstitución 2002
_910514
651 4 _aRepública Dominicana
_xDerecho constitucional
_99303
910 _aBtavárez. Validado. Control de calidad/ MAA
942 _2ddc
_cLBS1
999 _c57555
_d57555